<?xml version="1.0" encoding="UTF-8"?>
<marc:record xmlns:marc="http://www.loc.gov/MARC21/slim" type="Bibliographic">
   <marc:leader>00000pam a2200000 c 4500</marc:leader>
   <marc:controlfield tag="001">958344981</marc:controlfield>
   <marc:controlfield tag="003">DE-101</marc:controlfield>
   <marc:controlfield tag="005">20171203082643.0</marc:controlfield>
   <marc:controlfield tag="007">tu</marc:controlfield>
   <marc:controlfield tag="008">000125s2000    gw ||||| m||| 00||||ger  </marc:controlfield>
   <marc:datafield ind1=" " ind2=" " tag="015">
      <marc:subfield code="a">00,A33,0254</marc:subfield>
      <marc:subfield code="z">00,N08,0106</marc:subfield>
      <marc:subfield code="2">dnb</marc:subfield>
   </marc:datafield>
   <marc:datafield ind1="7" ind2=" " tag="016">
      <marc:subfield code="2">DE-101</marc:subfield>
      <marc:subfield code="a">958344981</marc:subfield>
   </marc:datafield>
   <marc:datafield ind1=" " ind2=" " tag="020">
      <marc:subfield code="a">9783825846183</marc:subfield>
      <marc:subfield code="c">kart. : DM 79.80</marc:subfield>
      <marc:subfield code="9">978-3-8258-4618-3</marc:subfield>
   </marc:datafield>
   <marc:datafield ind1=" " ind2=" " tag="020">
      <marc:subfield code="a">3825846180</marc:subfield>
      <marc:subfield code="c">kart. : DM 79.80</marc:subfield>
      <marc:subfield code="9">3-8258-4618-0</marc:subfield>
   </marc:datafield>
   <marc:datafield ind1=" " ind2=" " tag="035">
      <marc:subfield code="a">(DE-599)DNB958344981</marc:subfield>
   </marc:datafield>
   <marc:datafield ind1=" " ind2=" " tag="035">
      <marc:subfield code="a">(OCoLC)722605617</marc:subfield>
   </marc:datafield>
   <marc:datafield ind1=" " ind2=" " tag="040">
      <marc:subfield code="a">1140</marc:subfield>
      <marc:subfield code="b">ger</marc:subfield>
      <marc:subfield code="c">DE-101</marc:subfield>
      <marc:subfield code="d">9999</marc:subfield>
   </marc:datafield>
   <marc:datafield ind1=" " ind2=" " tag="041">
      <marc:subfield code="a">ger</marc:subfield>
   </marc:datafield>
   <marc:datafield ind1=" " ind2=" " tag="044">
      <marc:subfield code="c">XA-DE</marc:subfield>
   </marc:datafield>
   <marc:datafield ind1=" " ind2=" " tag="084">
      <marc:subfield code="a">12</marc:subfield>
      <marc:subfield code="a">14</marc:subfield>
      <marc:subfield code="a">01</marc:subfield>
      <marc:subfield code="a">13</marc:subfield>
      <marc:subfield code="a">200</marc:subfield>
      <marc:subfield code="a">220</marc:subfield>
      <marc:subfield code="a">230</marc:subfield>
      <marc:subfield code="q">DE-101</marc:subfield>
      <marc:subfield code="2">sdnb</marc:subfield>
   </marc:datafield>
   <marc:datafield ind1=" " ind2=" " tag="084">
      <marc:subfield code="a">4.7</marc:subfield>
      <marc:subfield code="a">3.4a</marc:subfield>
      <marc:subfield code="a">3.4c</marc:subfield>
      <marc:subfield code="a">9.2a</marc:subfield>
      <marc:subfield code="a">9.3d</marc:subfield>
      <marc:subfield code="a">3.4c</marc:subfield>
      <marc:subfield code="a">3.5a</marc:subfield>
      <marc:subfield code="a">9.2a</marc:subfield>
      <marc:subfield code="a">9.3d</marc:subfield>
      <marc:subfield code="q">DE-101</marc:subfield>
      <marc:subfield code="2">sswd</marc:subfield>
   </marc:datafield>
   <marc:datafield ind1=" " ind2=" " tag="090">
      <marc:subfield code="a">b</marc:subfield>
   </marc:datafield>
   <marc:datafield ind1="1" ind2=" " tag="100">
      <marc:subfield code="0">(DE-588)128830476</marc:subfield>
      <marc:subfield code="0">https://d-nb.info/gnd/128830476</marc:subfield>
      <marc:subfield code="0">(DE-101)128830476</marc:subfield>
      <marc:subfield code="a">Neuhold, Leopold</marc:subfield>
      <marc:subfield code="d">1954-</marc:subfield>
      <marc:subfield code="e">Verfasser</marc:subfield>
      <marc:subfield code="4">aut</marc:subfield>
      <marc:subfield code="2">gnd</marc:subfield>
   </marc:datafield>
   <marc:datafield ind1="1" ind2="0" tag="245">
      <marc:subfield code="a">Religion und katholische Soziallehre im Wandel vor allem der Werte</marc:subfield>
      <marc:subfield code="b">Erscheinungsbilder und Chancen</marc:subfield>
      <marc:subfield code="c">Leopold Neuhold</marc:subfield>
   </marc:datafield>
   <marc:datafield ind1=" " ind2="1" tag="264">
      <marc:subfield code="a">Münster</marc:subfield>
      <marc:subfield code="a">Hamburg</marc:subfield>
      <marc:subfield code="a">London</marc:subfield>
      <marc:subfield code="b">Lit</marc:subfield>
      <marc:subfield code="c">2000</marc:subfield>
   </marc:datafield>
   <marc:datafield ind1=" " ind2=" " tag="300">
      <marc:subfield code="a">500 S.</marc:subfield>
      <marc:subfield code="b">graph. Darst.</marc:subfield>
      <marc:subfield code="c">24 cm</marc:subfield>
   </marc:datafield>
   <marc:datafield ind1=" " ind2=" " tag="336">
      <marc:subfield code="a">Text</marc:subfield>
      <marc:subfield code="b">txt</marc:subfield>
      <marc:subfield code="2">rdacontent</marc:subfield>
   </marc:datafield>
   <marc:datafield ind1=" " ind2=" " tag="337">
      <marc:subfield code="a">ohne Hilfsmittel zu benutzen</marc:subfield>
      <marc:subfield code="b">n</marc:subfield>
      <marc:subfield code="2">rdamedia</marc:subfield>
   </marc:datafield>
   <marc:datafield ind1=" " ind2=" " tag="338">
      <marc:subfield code="a">Band</marc:subfield>
      <marc:subfield code="b">nc</marc:subfield>
      <marc:subfield code="2">rdacarrier</marc:subfield>
   </marc:datafield>
   <marc:datafield ind1="1" ind2=" " tag="490">
      <marc:subfield code="a">Schriften des Instituts für Christliche Sozialwissenschaften der Westfälischen Wilhelms-Universität Münster</marc:subfield>
      <marc:subfield code="v">Bd. 43</marc:subfield>
   </marc:datafield>
   <marc:datafield ind1=" " ind2=" " tag="502">
      <marc:subfield code="a">Zugl.: Graz, Univ., Habil.-Schr., 1999</marc:subfield>
   </marc:datafield>
   <marc:datafield ind1=" " ind2="7" tag="650">
      <marc:subfield code="0">(DE-588)4051238-1</marc:subfield>
      <marc:subfield code="0">https://d-nb.info/gnd/4051238-1</marc:subfield>
      <marc:subfield code="0">(DE-101)04051238X</marc:subfield>
      <marc:subfield code="a">Säkularisierung</marc:subfield>
      <marc:subfield code="9">rswk-swf</marc:subfield>
      <marc:subfield code="2">gnd</marc:subfield>
   </marc:datafield>
   <marc:datafield ind1=" " ind2="7" tag="650">
      <marc:subfield code="0">(DE-588)4117636-4</marc:subfield>
      <marc:subfield code="0">https://d-nb.info/gnd/4117636-4</marc:subfield>
      <marc:subfield code="0">(DE-101)041176367</marc:subfield>
      <marc:subfield code="a">Wertwandel</marc:subfield>
      <marc:subfield code="9">rswk-swf</marc:subfield>
      <marc:subfield code="2">gnd</marc:subfield>
   </marc:datafield>
   <marc:datafield ind1=" " ind2="7" tag="650">
      <marc:subfield code="0">(DE-588)4073315-4</marc:subfield>
      <marc:subfield code="0">https://d-nb.info/gnd/4073315-4</marc:subfield>
      <marc:subfield code="0">(DE-101)040733157</marc:subfield>
      <marc:subfield code="a">Katholische Soziallehre</marc:subfield>
      <marc:subfield code="9">rswk-swf</marc:subfield>
      <marc:subfield code="2">gnd</marc:subfield>
   </marc:datafield>
   <marc:datafield ind1=" " ind2="7" tag="650">
      <marc:subfield code="0">(DE-588)4049428-7</marc:subfield>
      <marc:subfield code="0">https://d-nb.info/gnd/4049428-7</marc:subfield>
      <marc:subfield code="0">(DE-101)040494284</marc:subfield>
      <marc:subfield code="a">Religiosität</marc:subfield>
      <marc:subfield code="9">rswk-swf</marc:subfield>
      <marc:subfield code="2">gnd</marc:subfield>
   </marc:datafield>
   <marc:datafield ind1=" " ind2="7" tag="650">
      <marc:subfield code="0">(DE-588)4117636-4</marc:subfield>
      <marc:subfield code="0">https://d-nb.info/gnd/4117636-4</marc:subfield>
      <marc:subfield code="0">(DE-101)041176367</marc:subfield>
      <marc:subfield code="a">Wertwandel</marc:subfield>
      <marc:subfield code="9">rswk-swf</marc:subfield>
      <marc:subfield code="2">gnd</marc:subfield>
   </marc:datafield>
   <marc:datafield ind1=" " ind2="7" tag="650">
      <marc:subfield code="0">(DE-588)4073315-4</marc:subfield>
      <marc:subfield code="0">https://d-nb.info/gnd/4073315-4</marc:subfield>
      <marc:subfield code="0">(DE-101)040733157</marc:subfield>
      <marc:subfield code="a">Katholische Soziallehre</marc:subfield>
      <marc:subfield code="9">rswk-swf</marc:subfield>
      <marc:subfield code="2">gnd</marc:subfield>
   </marc:datafield>
   <marc:datafield ind1=" " ind2="7" tag="655">
      <marc:subfield code="0">(DE-588)4113937-9</marc:subfield>
      <marc:subfield code="0">https://d-nb.info/gnd/4113937-9</marc:subfield>
      <marc:subfield code="0">(DE-101)041139372</marc:subfield>
      <marc:subfield code="a">Hochschulschrift</marc:subfield>
      <marc:subfield code="2">gnd-content</marc:subfield>
   </marc:datafield>
   <marc:datafield ind1="0" ind2="0" tag="689">
      <marc:subfield code="0">(DE-588)4051238-1</marc:subfield>
      <marc:subfield code="0">https://d-nb.info/gnd/4051238-1</marc:subfield>
      <marc:subfield code="0">(DE-101)04051238X</marc:subfield>
      <marc:subfield code="D">s</marc:subfield>
      <marc:subfield code="a">Säkularisierung</marc:subfield>
   </marc:datafield>
   <marc:datafield ind1="0" ind2="1" tag="689">
      <marc:subfield code="0">(DE-588)4117636-4</marc:subfield>
      <marc:subfield code="0">https://d-nb.info/gnd/4117636-4</marc:subfield>
      <marc:subfield code="0">(DE-101)041176367</marc:subfield>
      <marc:subfield code="D">s</marc:subfield>
      <marc:subfield code="a">Wertwandel</marc:subfield>
   </marc:datafield>
   <marc:datafield ind1="0" ind2="2" tag="689">
      <marc:subfield code="0">(DE-588)4073315-4</marc:subfield>
      <marc:subfield code="0">https://d-nb.info/gnd/4073315-4</marc:subfield>
      <marc:subfield code="0">(DE-101)040733157</marc:subfield>
      <marc:subfield code="D">s</marc:subfield>
      <marc:subfield code="a">Katholische Soziallehre</marc:subfield>
   </marc:datafield>
   <marc:datafield ind1="0" ind2=" " tag="689">
      <marc:subfield code="5">DE-101</marc:subfield>
      <marc:subfield code="5">DE-101</marc:subfield>
   </marc:datafield>
   <marc:datafield ind1="1" ind2="0" tag="689">
      <marc:subfield code="0">(DE-588)4049428-7</marc:subfield>
      <marc:subfield code="0">https://d-nb.info/gnd/4049428-7</marc:subfield>
      <marc:subfield code="0">(DE-101)040494284</marc:subfield>
      <marc:subfield code="D">s</marc:subfield>
      <marc:subfield code="a">Religiosität</marc:subfield>
   </marc:datafield>
   <marc:datafield ind1="1" ind2="1" tag="689">
      <marc:subfield code="0">(DE-588)4117636-4</marc:subfield>
      <marc:subfield code="0">https://d-nb.info/gnd/4117636-4</marc:subfield>
      <marc:subfield code="0">(DE-101)041176367</marc:subfield>
      <marc:subfield code="D">s</marc:subfield>
      <marc:subfield code="a">Wertwandel</marc:subfield>
   </marc:datafield>
   <marc:datafield ind1="1" ind2="2" tag="689">
      <marc:subfield code="0">(DE-588)4073315-4</marc:subfield>
      <marc:subfield code="0">https://d-nb.info/gnd/4073315-4</marc:subfield>
      <marc:subfield code="0">(DE-101)040733157</marc:subfield>
      <marc:subfield code="D">s</marc:subfield>
      <marc:subfield code="a">Katholische Soziallehre</marc:subfield>
   </marc:datafield>
   <marc:datafield ind1="1" ind2=" " tag="689">
      <marc:subfield code="5">DE-101</marc:subfield>
      <marc:subfield code="5">DE-101</marc:subfield>
   </marc:datafield>
   <marc:datafield ind1="2" ind2=" " tag="810">
      <marc:subfield code="a">Westfälische Wilhelms-Universität Münster</marc:subfield>
      <marc:subfield code="b">Institut für Christliche Sozialwissenschaften</marc:subfield>
      <marc:subfield code="4">aut</marc:subfield>
      <marc:subfield code="t">Schriften des Instituts für Christliche Sozialwissenschaften der Westfälischen Wilhelms-Universität Münster</marc:subfield>
      <marc:subfield code="v">Bd. 43</marc:subfield>
      <marc:subfield code="w">(DE-101)014578387</marc:subfield>
      <marc:subfield code="w">(DE-600)846718-3</marc:subfield>
      <marc:subfield code="9">243</marc:subfield>
      <marc:subfield code="7">as</marc:subfield>
   </marc:datafield>
   <marc:datafield ind1=" " ind2=" " tag="850">
      <marc:subfield code="a">DE-101a</marc:subfield>
      <marc:subfield code="a">DE-101b</marc:subfield>
   </marc:datafield>
   <marc:datafield ind1="r" ind2=" " tag="925">
      <marc:subfield code="a">ra</marc:subfield>
   </marc:datafield>
</marc:record>
